Japan : profile of a nation
The book provides a reliable and accurate information on virtually every aspect of Japan the nation and its people. The range of topics is remarkable, offering a gold mine of facts about corporate culture, women in the labor force, cram schools, karaoke, comics, to name but a few, as well as more wi...
Guardado en:
| Autor Corporativo: | |
|---|---|
| Formato: | Libro |
| Lenguaje: | Undetermined |
| Publicado: |
Tokyo
Kodansha International
1994
|
| Materias: | |
| Etiquetas: |
Agregar Etiqueta
Sin Etiquetas, Sea el primero en etiquetar este registro!
|
| Thư viện lưu trữ: | Trung tâm Học liệu Trường Đại học Cần Thơ |
|---|
| LEADER | 01214nam a2200217Ia 4500 | ||
|---|---|---|---|
| 001 | CTU_122832 | ||
| 008 | 210402s9999 xx 000 0 und d | ||
| 020 | |c 35 | ||
| 082 | |a 952 | ||
| 082 | |b K75 | ||
| 110 | |a Kodansha International | ||
| 245 | 0 | |a Japan : | |
| 245 | 0 | |b profile of a nation | |
| 245 | 0 | |c Kodansha International | |
| 260 | |a Tokyo | ||
| 260 | |b Kodansha International | ||
| 260 | |c 1994 | ||
| 520 | |a The book provides a reliable and accurate information on virtually every aspect of Japan the nation and its people. The range of topics is remarkable, offering a gold mine of facts about corporate culture, women in the labor force, cram schools, karaoke, comics, to name but a few, as well as more wide-ranging issues such as international relations, foreign trade, and the Japanese language. In fact, over 200 informative and well written articles have been organized into seven thematic sections including Geography ad Nature, History, Government and Diplomacy, Economy, Society, Culture, and Life providing a balanced and very readable portrait of Japan past and present | ||
| 650 | |a Japan | ||
| 904 | |i Hiếu, Huỳnh Mai | ||
| 980 | |a Trung tâm Học liệu Trường Đại học Cần Thơ | ||